000 00651nam a2200277Ia 4500
005 20260324120639.0
008 008 260324s9999 xx 000 0 eng d
020 _a9781315636320
037 _aEBOOK
040 _aCRL
040 _beng
040 _cCRL
041 _2eng
041 _aeng
084 _qCRL
100 _aKimberly Ducey; Hernan Vera; Joe R. Feagin
_91159407
245 0 _aLiberation Sociology
260 _bTaylor and Francis
260 _c2015
365 _a
365 _b300
856 _uhttp://www.taylorfrancis.com/books/9781315636320
942 _cEBOOK
999 _c1751046
_d1751046